| 000 | 00464nam a22001937a 4500 | ||
|---|---|---|---|
| 003 | MPLRDC | ||
| 005 | 20220104123328.0 | ||
| 008 | 210129b ||||| |||| 00| 0 eng d | ||
| 020 | _a957-516-012-6 | ||
| 082 | _a177.2 DEAN | ||
| 100 | _a丁达夫著; 魏筱珍译 | ||
| 245 |
_a成功致胜七原则 _c |
||
| 250 | _a初版 | ||
| 260 |
_a _b大光书房出版部 _c1989 |
||
| 300 | _b平 | ||
| 490 | _a企管丛书 | ||
| 650 | _a | ||
| 942 |
_cBK _o177.2 DEAN |
||
| 999 |
_c10484 _d10474 |
||